[Event "ZH-2023-0-02192"]
[Site "LSS email"]
[Date "2023.03.08"]
[Round "?"]
[White "Ozen, Bahadir"]
[Black "Costa, Fabrizio"]
[Result "1/2-1/2"]
[WhiteElo "2257"]
[BlackElo "2083"]
[PlyCount "39"]
[EventDate "2023.03.08"]
[EventType "match (corr)"]
[EventRounds "2"]
[EventCountry "GER"]
[SourceTitle "Corr 2024"]
[Source "ChessBase"]
[SourceDate "2023.10.19"]
[SourceVersion "1"]
[SourceVersionDate "2023.10.19"]
[SourceQuality "1"]

1. d4 d5 2. c4 c6 3. Nf3 Nf6 4. e3 Bf5 5. Nc3 e6 6. Nh4 Bg6 7. Nxg6 hxg6 8. Bd2 Nbd7 9. g3 Bb4 10. Qb3 a5 11. Be2 Qc7 12. 0-0 0-0 13. Rfc1 Rfe8 14. Be1 g5 15. h3 Bxc3 16. bxc3 a4 17. Qb4 c5 18. dxc5 dxc4 19. Qxc4 Nxc5 20. Rd1 1/2-1/2

[Event "ZH-2023-0-02191"]
[Site "LSS email"]
[Date "2023.03.07"]
[Round "?"]
[White "Ozen, Bahadir"]
[Black "Costa, Fabrizio"]
[Result "1/2-1/2"]
[WhiteElo "2257"]
[BlackElo "2083"]
[PlyCount "67"]
[EventDate "2023.03.07"]
[EventType "match (corr)"]
[EventRounds "2"]
[EventCountry "GER"]
[SourceTitle "Corr 2024"]
[Source "ChessBase"]
[SourceDate "2023.10.19"]
[SourceVersion "1"]
[SourceVersionDate "2023.10.19"]
[SourceQuality "1"]

1. e4 c5 2. Nf3 d6 3. d4 cxd4 4. Nxd4 Nf6 5. Nc3 a6 6. f3 e5 7. Nb3 Be6 8. Be3 Be7 9. Qd2 h5 10. Nd5 Nxd5 11. exd5 Bf5 12. Be2 a5 13. a4 Nd7 14. 0-0 0-0 15. f4 exf4 16. Bxf4 Rc8 17. c3 Nf6 18. Rae1 Be4 19. Bb5 Bxd5 20. Nd4 Be4 21. Bg5 d5 22. Nf5 Bxf5 23. Rxf5 Qb6+ 24. Kh1 g6 25. Rff1 Ne4 26. Rxe4 Bxg5 27. Qxd5 Rc5 28. Qd4 Qc7 29. Bc4 Kh7 30. Rxf7+ Rxf7 31. Bxf7 Rf5 32. Bc4 Bf6 33. Qe3 Kg7 34. g3 1/2-1/2

[Event "ZH-2023-0-02180"]
[Site "LSS email"]
[Date "2023.03.02"]
[Round "?"]
[White "Ozen, Bahadir"]
[Black "Costa, Fabrizio"]
[Result "1-0"]
[WhiteElo "2243"]
[BlackElo "2083"]
[PlyCount "57"]
[EventDate "2023.03.02"]
[EventType "match (corr)"]
[EventRounds "2"]
[EventCountry "GER"]
[SourceTitle "Corr 2024"]
[Source "ChessBase"]
[SourceDate "2023.10.19"]
[SourceVersion "1"]
[SourceVersionDate "2023.10.19"]
[SourceQuality "1"]

1. e4 c5 2. Nf3 d6 3. d4 cxd4 4. Nxd4 Nf6 5. Nc3 a6 6. Bg5 Nc6 7. Qd2 e6 8. 0-0-0 Bd7 9. f4 b5 10. Bxf6 gxf6 11. Kb1 Qb6 12. Nxc6 Bxc6 13. f5 h5 14. fxe6 fxe6 15. Qe1 Kf7 16. Bd3 Qc5 17. Rf1 Bg7 18. Ne2 a5 19. Nf4 Qe5 20. Qe2 h4 21. c3 Bh6 22. g3 Rag8 23. Bc2 hxg3 24. hxg3 Rxg3 25. Nd3 Qg5 26. Qf2 Bxe4 27. Qa7+ Kg6 28. Qd4 Rg4 29. Qxd6 1-0

[Event "LSS SA-2022-0-00801"]
[Site "LSS email"]
[Date "2022.06.19"]
[Round "?"]
[White "Avellan, Gerardo"]
[Black "Costa, Fabrizio"]
[Result "1/2-1/2"]
[WhiteElo "2072"]
[BlackElo "2084"]
[PlyCount "31"]
[EventDate "2022.05.08"]
[EventType "tourn (corr)"]
[EventRounds "6"]
[EventCountry "GER"]
[SourceTitle "Corr 2024"]
[Source "ChessBase"]
[SourceDate "2023.10.19"]
[SourceVersion "1"]
[SourceVersionDate "2023.10.19"]
[SourceQuality "1"]

1. e4 c5 2. Nf3 d6 3. d4 cxd4 4. Nxd4 Nf6 5. Nc3 a6 6. Bg5 e6 7. f4 Qb6 8. Qd2 Qxb2 9. Rb1 Qa3 10. e5 h6 11. Bh4 dxe5 12. fxe5 Nfd7 13. Ne4 Qxa2 14. Rd1 Qd5 15. Qe3 Qxe5 16. Be2 1/2-1/2

[Event "LSS SA-2022-0-00801"]
[Site "LSS email"]
[Date "2022.06.18"]
[Round "?"]
[White "Oliger, Mark"]
[Black "Costa, Fabrizio"]
[Result "1/2-1/2"]
[WhiteElo "2075"]
[BlackElo "2084"]
[PlyCount "61"]
[EventDate "2022.05.08"]
[EventType "tourn (corr)"]
[EventRounds "6"]
[EventCountry "GER"]
[SourceTitle "Corr 2024"]
[Source "ChessBase"]
[SourceDate "2023.10.19"]
[SourceVersion "1"]
[SourceVersionDate "2023.10.19"]
[SourceQuality "1"]

1. e4 c5 2. Nf3 d6 3. Bb5+ Bd7 4. Bxd7+ Qxd7 5. c4 Nf6 6. Nc3 Nc6 7. d4 cxd4 8. Nxd4 g6 9. f3 Bg7 10. Be3 0-0 11. 0-0 a6 12. Qd3 Rac8 13. b3 Qc7 14. Rac1 Nd7 15. Nd5 Qd8 16. Rfd1 Re8 17. Kh1 Qa5 18. Qe2 Nxd4 19. Bxd4 Bxd4 20. Rxd4 b5 21. h3 bxc4 22. b4 Qa4 23. Rcxc4 Rxc4 24. Qxc4 Ne5 25. Qe2 a5 26. Qb2 axb4 27. Rxb4 Qd1+ 28. Kh2 h5 29. f4 Nd7 30. Qc3 h4 31. a4 1/2-1/2

[Event "LSS SA-2022-0-00801"]
[Site "LSS email"]
[Date "2022.06.17"]
[Round "?"]
[White "Costa, Fabrizio"]
[Black "Braga Da Silva, Flavio"]
[Result "1/2-1/2"]
[WhiteElo "2084"]
[BlackElo "2045"]
[PlyCount "75"]
[EventDate "2022.05.08"]
[EventType "tourn (corr)"]
[EventRounds "6"]
[EventCountry "GER"]
[SourceTitle "Corr 2024"]
[Source "ChessBase"]
[SourceDate "2023.10.19"]
[SourceVersion "1"]
[SourceVersionDate "2023.10.19"]
[SourceQuality "1"]

1. d4 d5 2. c4 c6 3. Nc3 Nf6 4. Nf3 e6 5. Bg5 h6 6. Bh4 dxc4 7. e4 g5 8. Bg3 b5 9. Be2 Bb7 10. h4 g4 11. Ne5 Nbd7 12. Nxd7 Qxd7 13. Be5 Qe7 14. b3 Rg8 15. Qc2 Nd7 16. Bg3 b4 17. Na4 Bg7 18. Rd1 c3 19. a3 a5 20. e5 c5 21. dxc5 Nxc5 22. 0-0 Kf8 23. axb4 axb4 24. Bb5 Bxg2 25. Kxg2 Qb7+ 26. f3 Qxb5 27. Nxc5 Qxc5 28. Qe4 Ra2+ 29. Rf2 c2 30. Rd8+ Ke7 31. Qb7+ Kxd8 32. Rd2+ Qd5 33. Rxd5+ exd5 34. Qxd5+ Kc8 35. Qc6+ Kd8 36. Qd5+ Kc8 37. Qc6+ Kd8 38. Qd6+ 1/2-1/2

[Event "LSS SA-2022-0-00801"]
[Site "LSS email"]
[Date "2022.06.17"]
[Round "?"]
[White "Costa, Fabrizio"]
[Black "Jacewicz, Grzegorz"]
[Result "1/2-1/2"]
[WhiteElo "2084"]
[BlackElo "2030"]
[PlyCount "51"]
[EventDate "2022.05.08"]
[EventType "tourn (corr)"]
[EventRounds "6"]
[EventCountry "GER"]
[SourceTitle "Corr 2024"]
[Source "ChessBase"]
[SourceDate "2023.10.19"]
[SourceVersion "1"]
[SourceVersionDate "2023.10.19"]
[SourceQuality "1"]

1. d4 d5 2. c4 c6 3. Nf3 Nf6 4. Nc3 a6 5. c5 Nbd7 6. Bf4 Nh5 7. Bd2 Nhf6 8. Qc2 g6 9. g3 Bg7 10. Bg2 0-0 11. 0-0 Re8 12. Rad1 b5 13. Bc1 Nf8 14. Ne5 Bf5 15. e4 Nxe4 16. Nxc6 Qd7 17. Nxd5 Qxd5 18. Nb4 Nf6 19. Bxd5 Bxc2 20. Bxa8 Bxd1 21. Bc6 Bg4 22. Bxe8 Nxe8 23. Re1 Ne6 24. d5 Nxc5 25. Rxe7 Nf6 26. Ra7 1/2-1/2

[Event "RA-2022-0-00703"]
[Site "LSS email"]
[Date "2022.01.15"]
[Round "?"]
[White "Costa, Fabrizio"]
[Black "Martin, Simone"]
[Result "1/2-1/2"]
[WhiteElo "2079"]
[BlackElo "2111"]
[PlyCount "52"]
[EventDate "2022.01.02"]
[EventType "tourn (corr)"]
[EventRounds "6"]
[EventCountry "GER"]
[SourceTitle "Corr 2024"]
[Source "ChessBase"]
[SourceDate "2023.10.19"]
[SourceVersion "1"]
[SourceVersionDate "2023.10.19"]
[SourceQuality "1"]

1. d4 Nf6 2. c4 g6 3. Nc3 d5 4. cxd5 Nxd5 5. e4 Nxc3 6. bxc3 Bg7 7. Bc4 c5 8. Ne2 0-0 9. 0-0 Nc6 10. Be3 b6 11. Rc1 Bb7 12. Qd2 e6 13. f3 Rc8 14. Rfd1 Na5 15. Bd3 cxd4 16. cxd4 Qd7 17. Qb2 Rxc1 18. Rxc1 Rc8 19. Rxc8+ Qxc8 20. Qc3 Qd7 21. Kf2 Nc6 22. Bc4 Na5 23. Bd3 Nc6 24. Bc4 h5 25. h3 Na5 26. Bd3 Nc6 1/2-1/2

[Event "LSS SA-2021-0-00782"]
[Site "LSS email"]
[Date "2021.12.13"]
[Round "?"]
[White "Costa, Fabrizio"]
[Black "Pilgram, Kurt"]
[Result "0-1"]
[WhiteElo "2085"]
[BlackElo "2163"]
[PlyCount "102"]
[EventDate "2021.11.22"]
[EventType "tourn (corr)"]
[EventRounds "6"]
[EventCountry "GER"]
[SourceTitle "Corr 2024"]
[Source "ChessBase"]
[SourceDate "2023.10.19"]
[SourceVersion "1"]
[SourceVersionDate "2023.10.19"]
[SourceQuality "1"]

1. d4 Nf6 2. c4 g6 3. Nc3 Bg7 4. e4 d6 5. f3 0-0 6. Be3 c5 7. Nge2 Nc6 8. d5 Ne5 9. Ng3 e6 10. Be2 h5 11. 0-0 exd5 12. cxd5 h4 13. Nh1 h3 14. g3 Bd7 15. Nf2 b5 16. f4 Nc4 17. Bxc4 bxc4 18. e5 Nh7 19. exd6 Qc8 20. Nfe4 Re8 21. Bf2 Bf5 22. Nxc5 Rb8 23. Qd2 Nf6 24. Rfe1 Rd8 25. Rac1 Ng4 26. N5e4 Qb7 27. Re2 Nxf2 28. Rxf2 Qb6 29. Kf1 Re8 30. Re1 Bxc3 31. Nxc3 Bd3+ 32. Kg1 Qxd6 33. f5 Re5 34. Rxe5 Qxe5 35. fxg6 fxg6 36. d6 Rxb2 37. d7 Rb8 38. Rf3 Qd4+ 39. Qe3 Qxd7 40. Qf4 Qe8 41. Re3 Qd8 42. Re6 Qf8 43. Qxf8+ Kxf8 44. g4 Rb2 45. Rf6+ Ke7 46. Rf2 Rb7 47. Rf3 Kd6 48. Rxh3 Ke5 49. Rh8 Kd4 50. Na4 Be4 51. Rd8+ Bd5 0-1

[Event "LSS SA-2021-0-00782"]
[Site "LSS email"]
[Date "2021.12.13"]
[Round "?"]
[White "Sciarretta, Robert"]
[Black "Costa, Fabrizio"]
[Result "1/2-1/2"]
[WhiteElo "2128"]
[BlackElo "2085"]
[PlyCount "68"]
[EventDate "2021.11.22"]
[EventType "tourn (corr)"]
[EventRounds "6"]
[EventCountry "GER"]
[SourceTitle "Corr 2024"]
[Source "ChessBase"]
[SourceDate "2023.10.19"]
[SourceVersion "1"]
[SourceVersionDate "2023.10.19"]
[SourceQuality "1"]

1. d4 d5 2. c4 c6 3. Nf3 Nf6 4. e3 Bf5 5. Nc3 e6 6. Nh4 Be4 7. f3 Bg6 8. Qb3 Qc7 9. Bd2 Be7 10. Nxg6 hxg6 11. 0-0-0 dxc4 12. Bxc4 a5 13. Qc2 a4 14. Nxa4 Rxa4 15. Qxa4 b5 16. Qb3 bxc4 17. Qxc4 c5 18. Kb1 Nc6 19. dxc5 0-0 20. Rc1 Rb8 21. Rc3 Nd7 22. Rb3 Rc8 23. Bb4 Nxb4 24. Rxb4 Nxc5 25. Rb5 Qd7 26. Rc1 Kh7 27. Qe2 Na4 28. Rxc8 Qxc8 29. Qd3 f5 30. a3 Qa6 31. Rb3 Qa8 32. Rb5 Qa6 33. Rb3 Qa8 34. Rb5 Qa6 1/2-1/2

[Event "RA-2021-0-00693"]
[Site "LSS email"]
[Date "2021.11.04"]
[Round "?"]
[White "Costa, Fabrizio"]
[Black "SugNK, Dmitrij"]
[Result "1/2-1/2"]
[WhiteElo "2085"]
[BlackElo "2079"]
[PlyCount "77"]
[EventDate "2021.10.01"]
[EventType "tourn (corr)"]
[EventRounds "6"]
[EventCountry "GER"]
[SourceTitle "Corr 2024"]
[Source "ChessBase"]
[SourceDate "2023.10.19"]
[SourceVersion "1"]
[SourceVersionDate "2023.10.19"]
[SourceQuality "1"]

1. d4 d5 2. c4 e6 3. Nc3 Nf6 4. Bg5 Be7 5. e3 h6 6. Bh4 0-0 7. Rc1 b6 8. cxd5 exd5 9. Nf3 Bb7 10. Bd3 Ne4 11. Bxe7 Qxe7 12. 0-0 c5 13. Ne5 Nxc3 14. Rxc3 c4 15. Bf5 Nc6 16. f4 Rad8 17. Bb1 Rd6 18. b3 b5 19. Rc1 Bc8 20. Qh5 Bd7 21. h3 Be8 22. Kh1 a6 23. Qf5 g6 24. Qc2 Kg7 25. Rf3 h5 26. Rg3 f5 27. Kh2 Rdf6 28. Rg1 Qc7 29. Qe2 Rh8 30. Bc2 Bf7 31. Rg5 Be6 32. Qf2 Rh6 33. bxc4 bxc4 34. Rb1 Nd8 35. Qh4 Nf7 36. a4 Bc8 37. Rg3 Rd6 38. Rf3 Rh8 39. Rff1 1/2-1/2

[Event "RA-2021-0-00693"]
[Site "LSS email"]
[Date "2021.11.04"]
[Round "?"]
[White "Korn, Hans"]
[Black "Costa, Fabrizio"]
[Result "1/2-1/2"]
[WhiteElo "2020"]
[BlackElo "2085"]
[PlyCount "50"]
[EventDate "2021.10.01"]
[EventType "tourn (corr)"]
[EventRounds "6"]
[EventCountry "GER"]
[SourceTitle "Corr 2024"]
[Source "ChessBase"]
[SourceDate "2023.10.19"]
[SourceVersion "1"]
[SourceVersionDate "2023.10.19"]
[SourceQuality "1"]

1. c4 c5 2. Nf3 Nf6 3. Nc3 Nc6 4. g3 d5 5. d4 e6 6. cxd5 Nxd5 7. Bg2 cxd4 8. Nxd4 Nxc3 9. bxc3 Nxd4 10. Qxd4 Qxd4 11. cxd4 Bd6 12. 0-0 Rb8 13. e4 b6 14. Be3 Ba6 15. Rfb1 0-0 16. Bf1 Bb7 17. f3 Rbc8 18. a4 Rc3 19. Bf2 Ba8 20. a5 bxa5 21. Be2 Ra3 22. Be1 Rxa1 23. Rxa1 Bb4 24. Bxb4 axb4 25. Bc4 Rd8 1/2-1/2

[Event "LSS SA-2021-0-00763"]
[Site "LSS email"]
[Date "2021.06.30"]
[Round "?"]
[White "Costa, Fabrizio"]
[Black "Kazimierski, Tomasz"]
[Result "1/2-1/2"]
[WhiteElo "2089"]
[BlackElo "2049"]
[PlyCount "85"]
[EventDate "2021.06.01"]
[EventType "tourn (corr)"]
[EventRounds "6"]
[EventCountry "GER"]
[SourceTitle "Corr 2024"]
[Source "ChessBase"]
[SourceDate "2023.10.19"]
[SourceVersion "1"]
[SourceVersionDate "2023.10.19"]
[SourceQuality "1"]

1. Nf3 d5 2. d4 Nf6 3. c4 e6 4. Nc3 dxc4 5. Bg5 a6 6. a4 Nc6 7. e3 Na5 8. Be2 c5 9. dxc5 Qxd1+ 10. Rxd1 Bxc5 11. Ne5 h6 12. Bh4 b6 13. 0-0 Bb7 14. Nxc4 Nxc4 15. Bxc4 Ke7 16. Be2 g5 17. Bg3 Rhg8 18. Bf3 Bxf3 19. gxf3 Rac8 20. Kg2 h5 21. h3 Rc6 22. Be5 Nd7 23. Bh2 Bb4 24. Na2 Bd6 25. Rxd6 Rxd6 26. Bxd6+ Kxd6 27. Rd1+ Ke7 28. Nb4 Ne5 29. Nxa6 Ra8 30. Nb4 Rxa4 31. Rd4 Ra1 32. h4 gxh4 33. f4 Ng4 34. Nc6+ Kf8 35. Rd2 Rc1 36. Nd4 Nf6 37. Ne2 Rc4 38. Nc3 Ne4 39. Nxe4 Rxe4 40. Kh3 Kg7 41. Kxh4 Kg6 42. Kg3 Rb4 43. Rc2 1/2-1/2

[Event "LSS SA-2021-0-00763"]
[Site "LSS email"]
[Date "2021.06.30"]
[Round "?"]
[White "Costa, Fabrizio"]
[Black "Morcin, Tom"]
[Result "1/2-1/2"]
[WhiteElo "2089"]
[BlackElo "2051"]
[PlyCount "32"]
[EventDate "2021.06.01"]
[EventType "tourn (corr)"]
[EventRounds "6"]
[EventCountry "GER"]
[SourceTitle "Corr 2024"]
[Source "ChessBase"]
[SourceDate "2023.10.19"]
[SourceVersion "1"]
[SourceVersionDate "2023.10.19"]
[SourceQuality "1"]

1. Nf3 Nf6 2. d4 d5 3. c4 e6 4. Nc3 Bb4 5. Bg5 h6 6. Bxf6 Qxf6 7. e3 0-0 8. Rc1 dxc4 9. Bxc4 c5 10. 0-0 cxd4 11. Nxd4 Bd7 12. Qb3 Nc6 13. Nxc6 Bxc3 14. Rxc3 Bxc6 15. Bb5 Bd5 16. Bc4 Bc6 1/2-1/2